000 00440nam a2200181Ia 4500
001 20581
005 20260306172816.0
008 260306t1997||||xx |||||||||||||| ||spa||
041 _aESP
082 _a343.4
_bP53
100 _aJunoy, Joan Picó i
_eAUT
245 0 _aLas garantías constitucionales del proceso
260 _c1997
300 _a173 páginas :
_c24 cm.
650 _aGEN
654 _aCDE
942 _cLIB
_dJUS
_fJUS
_2ddc
_n
999 _c20581
_d20581